000 00419nam a2200133Ia 4500
008 100328s9999 xx 000 0 und d
082 _b28261
100 _aमेहता शाशिकला
245 _aअनार की कश्मीरा
260 _bसुवर्णा
630 _aअनार की कश्मीरा
730 _aअनार की कश्मीरा
942 _cBOOK
999 _c519777
_d519774